| 000 | 00679nam a2200229Ia 4500 | ||
|---|---|---|---|
| 005 | 20211220152539.0 | ||
| 008 | 131103s9999 xx 000 0 und d | ||
| 020 |
_a8170969492 _cRs. 65 |
||
| 040 | _aLoreto College | ||
| 041 | _aEnglish | ||
| 082 |
_a303.4 _bJEN |
||
| 100 | _aJena, Debendranath | ||
| 245 |
_aSocial change _b themes and perspectives _cDebendranath Jena and Umakanta Mohapatra |
||
| 260 |
_aLudhiana _bKalyanu Publishers _c1993(2003 printing) |
||
| 300 | _aviii, 212 p. | ||
| 504 | _aIncludes bibliographical references | ||
| 650 | _aSociology | ||
| 650 | _aSocial Change | ||
| 700 | _aMohapatra, Umakanta | ||
| 850 |
_aLCLIB _bSociology |
||
| 942 | _cBK | ||
| 999 |
_c6140 _d56619 |
||